000 01508nam a2200397 i 4500
001 62625
003 Mx-PuUPA
005 20250924130559.0
008 150519s2011 sp a 000 0 spa d
017 _aB. 26.065-2011
020 _a9788449303715
040 _cMx-PuUPA
_aMx-PuUPA
_bspa
_dMx-PuUPA
_erda
041 1 _aspa
_heng
100 1 _aAsen, K. Eia,
_eautor
_91170
240 1 0 _aFamily solutions in family practice.
_lEspañol
245 1 0 _aIntervención familiar :
_bguía práctica para los profesionales de la salud /
_cK. Eia Asen, Peter Tomson ; ilustraciones, Bernard Canavan ; traducción, Ángela Aparicio
250 _a1a. edición /
_b1997
264 1 _aBarcelona, España :
_bPaidós,
_c1997
300 _a135 páginas :
_bilustraciones (blanco y negro) ;
_c25 cm.
336 _atexto
_2rdacontent
_btxt
337 _asin medio
_2rda media
_bn
338 _avolumen
_2rdacarrier
_bnc
490 0 _aPsicología, psiquiatría, psicoterapia ;
_v159
500 _aReimpresiones: (2a. reimpresión, julio, 2011).
650 7 _aPsicología clínica
_2armarc
650 7 _aTerapia
_2armarc
650 7 _aFamilia
_2armarc
650 7 _aRelaciones familiares
_2armarc
700 1 _aTomson, Peter.
_91171
_eautor
700 1 _aCanavan, Bernard,
_eilustrador
_91172
700 1 _aAparicio, Ángela,
_etraductor
765 0 _aAsen. K. Eia
_tFamily solutions in family practice
942 _2ddc
_cLI
_h616.89156
_iA8618
999 _c62625
_d62625